El bosque de los pájaros carpinteros / (Registro nro. 12197)
[ vista simple ]
| 000 -LIDER | |
|---|---|
| fixed length control field | 00979nam a22003017a 4500 |
| 001 - NÚMERO DE CONTROL | |
| Identificador de número de control | 0007012 |
| 003 - IDENTIFICACDOR DE NÚMERO DE CONTROL | |
| control field | DO-SdBNP |
| 005 - DATE AND TIME OF LATEST TRANSACTION | |
| control field | 20171129095532.0 |
| 007 - CAMPOS FIJOS DE DESCRIPCIÓN FÍSICA | |
| fixed length control field | 0007012 |
| 008 - ELEMENTOS DE LONGITUD FIJA | |
| fixed length control field | 161201b 1994 sp a ||||| |||| 00| 0 spa d |
| 020 ## - ISBN | |
| International Standard Book Number | 8426127800 |
| 040 ## - FUENTE DE CATALOGACIÓN | |
| Agencia que crea de manera original el registro | BPMSU |
| Idioma de catalogación | spa |
| Agencia que realiza la transcripción | BPMSU |
| 082 ## - NÚMERO DE CLASIFICACIÓN DECIMAL DE DEWEY | |
| Classification number | xxxx |
| Item number | xxxx |
| 100 1# - ASIENTO PRINCIPAL -- NOMBRE PERSONAL | |
| Nombre personal | Tejima, Keizaburo |
| 245 10 - MENCIÓN DE TITULO | |
| Título | El bosque de los pájaros carpinteros / |
| Mención de responsabilidad | Keizaburo Tejima ; traducción de Concepción Zendrera. |
| 246 1# - VARIACION DEL TÍTULO | |
| Título propiamente dicho o título corto | Kumagera no mori. |
| 260 ## - PUBLICACIÓN, DISTRIBUCIÓN, ETC. (PIE DE IMPRENTA) | |
| Lugar de publicación, distribución, etc | Barcelona : |
| Nombre del editor, distribuidor, etc. | Juventad, |
| Fecha de publicación, distribución, etc | 1994. |
| 300 ## - DESCRIPCIÓN FÍSICA | |
| Extensión | 39 páginas sin numerar : |
| Otros detalles físicos | il. ; |
| Dimensiones | 31 cm. |
| 490 1# - MENCIÓN DE SERIES | |
| Mención de serie | Multieducativos Disney |
| 500 ## - NOTA GENERAL | |
| Nota general | Traducción de: Kumagera no mori. |
| 500 ## - NOTA GENERAL | |
| Nota general | Edición por el Año Internacional del Niño. |
| 700 1# - ASIENTO SECUNDARIO -- NOMBRE PERSONAL | |
| Nombre personal | Zendrera, Concepción, |
| Mención de responsabilidad | tr. |
| 710 ## - ASIENTO SECUNDARIO -- NOMBRE CORPORATIVO | |
| Unidad subordinada | Walt Disney Company |
| 830 #0 - ASIENTO SECUNDARIO DE SERIE--TÍTULO UNIFORME | |
| Título uniforme | Multieducativos Disney |
| 942 ## - ADDED ENTRY ELEMENTS (KOHA) | |
| Source of classification or shelving scheme | Dewey Decimal Classification |
| Koha item type | Libros |
| 945 ## - INFORMACIÓN DE PROCESAMIENTO LOCAL | |
| Información de procesamiento local | Inventariado extranjero / 2017 BT |
| 956 ## - LOCAL ELECTRONIC LOCATION AND ACCESS (OCLC) | |
| Método de acceso | LOPEREZ |
| Materiales especificados | 10 |
| Enlace | 20161201 |
| Campo enlazado y núm. de secuencia | BPMSU |
| Nombre de host | 00041 |
| Withdrawn status | Lost status | Source of classification or shelving scheme | Damaged status | Not for loan | Collection code | Home library | Current library | Date acquired | Source of acquisition | Total Checkouts | Full call number | Barcode | Date last seen | Price effective from | Koha item type |
|---|---|---|---|---|---|---|---|---|---|---|---|---|---|---|---|
| Dewey Decimal Classification | Colección Infantil General | Biblioteca Pública Metropolitana Salomé Ureña | Biblioteca Pública Metropolitana Salomé Ureña | 12/01/2016 | Donación | xxxx xxxx | BPMSU16120006 | 12/01/2016 | 12/01/2016 | Libros |